عرض عادي
عرض مارك
- Shames, George H.,
مدخل إسم شخص
001 - رقم الضبط
- حقل الضبط: 44901
003 - معرف رقم الضبط
- حقل الضبط: OSt
005 - تاريخ ووقت أخر عملية
- حقل الضبط: 20140513142250.0
008 - عناصر بيانات ثابتة الطول
- حقل تحكم ثابت الطول: 140513|||a|||||| | ||| d
040 ## - مصدر الفهرسة
- هيئة الفهرسة الأصلية: OSt
- وكالة الكتابة: OSt
100 ## - مدخل -- أسم شخص
- إسم شخص: Shames, George H.,
- تواريخ مرتبطة بالاسم: 1926-
670 ## - بيانات المصدر موجوده
- الاستشهاد بالمصدر: Work cat.: (OSt): Human communication disorders :, 2014.
